<?xml version="1.0" encoding="UTF-8"?>
<record
    xmlns:xsi="http://www.w3.org/2001/XMLSchema-instance"
    xsi:schemaLocation="http://www.loc.gov/MARC21/slim http://www.loc.gov/standards/marcxml/schema/MARC21slim.xsd"
    xmlns="http://www.loc.gov/MARC21/slim">

  <leader>00787nam a22001937a 4500</leader>
  <controlfield tag="005">20120912164212.0</controlfield>
  <datafield tag="010" ind1=" " ind2=" ">
    <subfield code="a">B-483233,UR-8129</subfield>
  </datafield>
  <datafield tag="020" ind1=" " ind2=" ">
    <subfield code="c">325.00</subfield>
  </datafield>
  <datafield tag="035" ind1=" " ind2=" ">
    <subfield code="a">B-483233,U-6684</subfield>
  </datafield>
  <datafield tag="037" ind1=" " ind2=" ">
    <subfield code="b">BPPD</subfield>
  </datafield>
  <datafield tag="100" ind1=" " ind2=" ">
    <subfield code="a">&#x645;&#x648; &#x644;&#x627; &#x646;&#x627; &#x627;&#x628;&#x648; &#x627; &#x644;&#x6A9;&#x644;&#x627; &#x645; &#x622; &#x632; &#x627; &#x62F;&#x6A9;&#x6D2; &#x645;&#x646;&#x62A;&#x62E;&#x628; &#x627; &#x62F; &#x627; &#x631; &#x64A;&#x6D3;</subfield>
    <subfield code="9">54972</subfield>
  </datafield>
  <datafield tag="245" ind1=" " ind2=" ">
    <subfield code="a">&#x645;&#x648; &#x644;&#x627; &#x646;&#x627; &#x627;&#x628;&#x648; &#x627; &#x644;&#x6A9;&#x644;&#x627; &#x645; &#x622; &#x632; &#x627; &#x62F;&#x6A9;&#x6D2; &#x645;&#x646;&#x62A;&#x62E;&#x628; &#x627; &#x62F; &#x627; &#x631; &#x64A;&#x6D3; /</subfield>
    <subfield code="c">&#x645;&#x62D;&#x628;&#x648; &#x628; &#x641;&#x631; &#x64A;&#x62F;</subfield>
  </datafield>
  <datafield tag="246" ind1=" " ind2=" ">
    <subfield code="a">Selcted Editions of Moulana Abulkalam Azad</subfield>
    <subfield code="b">By Mohd.Mahboob Ali (Alais)</subfield>
  </datafield>
  <datafield tag="260" ind1=" " ind2=" ">
    <subfield code="a">&#x62F; &#x6C1;&#x644;&#x6CC;</subfield>
    <subfield code="b">&#x627; &#x64A;&#x645; &#x622;&#x631;  &#x67E;&#x628;&#x644;&#x64A;&#x6A9;&#x64A;&#x634;&#x646;&#x632;</subfield>
    <subfield code="c">2011&#x621;</subfield>
  </datafield>
  <datafield tag="270" ind1=" " ind2=" ">
    <subfield code="a">2724-25,First floor Kucha Chelan,Dariya Ganj</subfield>
    <subfield code="b"> New Delhi</subfield>
    <subfield code="e">110002</subfield>
  </datafield>
  <datafield tag="300" ind1=" " ind2=" ">
    <subfield code="a">195 &#x635;</subfield>
    <subfield code="c">22 Cm.(B.b)     </subfield>
  </datafield>
  <datafield tag="500" ind1=" " ind2=" ">
    <subfield code="a">&#x62F;&#x648; &#x62D;&#x635;&#x6C1;</subfield>
  </datafield>
  <datafield tag="942" ind1=" " ind2=" ">
    <subfield code="2">ddc</subfield>
    <subfield code="c">UR</subfield>
    <subfield code="h">840.8</subfield>
    <subfield code="m">&#x645; &#x62D; &#x628;</subfield>
  </datafield>
  <datafield tag="999" ind1=" " ind2=" ">
    <subfield code="c">73233</subfield>
    <subfield code="d">73233</subfield>
  </datafield>
</record>
